000 00825nam a22001937a 4500
999 _c57249
_d57249
003 Ge_BSU
005 20200128155414.0
008 200128s2006 ||||| |||| 00| 0 geo d
020 _a9992828293
041 _ageo
080 _a341 ა-48
100 _aალექსიძე, ლევან.
_9163
245 _aთანამედროვე საერთაშორისო სამართალი /
_cლევან ალექსიძე ; რედ. კოტე კორკელია.
264 _aთბილისი :
_bინოვაცია,
_c2006.
300 _a511 გვ. ;
_c20 სმ.
653 _aსაერთაშორისო სამართალი
700 _aკორკელია, კოტე
_eრედაქტორი
_96439
942 _2udc
_cBK